000 00758nam a22002297a 4500
999 _c19827
_d19827
003 AR-CdUCM
008 190522b ||||| |||| 00| 0 spa d
040 _aMUNICIPALIDAD PROVINCIAL DEL CUSCO
_cBIBLIOTECA MUNICIPAL DEL CUSCO
041 _heng
082 _a920 /
_bL72
100 _aLitvinov, Maxim
_941458
245 _aMemorias :
_bnotas y apuntes de su diario personal 1926-1950 /
260 _aBrasil :
_bAmericana,
_c1955.
300 _a299 páginas ;
_c23 cm.
505 _aContenido: 1926 - 1928 -- 1928 - 1931 -- 1931 - 1937...
650 _aHistoria
_9136
650 _aMemorias y notas de un diario
_941459
650 _aBrasil
_91261
700 _aMarino, Mario A. (traducción)
_939083
942 _2ddc
_cLIBROS
945 _adavv
_d2019-05-22